Some problems of India's economic policy: Selected readings on planning, agriculture and foreign trade (Record no. 27721)

MARC details
000 -LEADER
fixed length control field 00462nam a2200145Ia 4500
082 ## - DEWEY DECIMAL CLASSIFICATION NUMBER
Classification number 338.22(540)
Item number WAD
245 #0 - TITLE STATEMENT
Title Some problems of India's economic policy: Selected readings on planning, agriculture and foreign trade
260 ## - PUBLICATION, DISTRIBUTION, ETC. (IMPRINT)
Place of publication New Delhi
Name of publisher Tata McGraw Hill
Year of publication 1977
650 ## - SUBJECT ADDED ENTRY--TOPICAL TERM
Topical Term Five year plan
650 ## - SUBJECT ADDED ENTRY--TOPICAL TERM
Topical Term Green revolution
650 ## - SUBJECT ADDED ENTRY--TOPICAL TERM
Topical Term Income distribution
700 ## - ADDED ENTRY--PERSONAL NAME
Personal name WADHVA, Charan D
942 ## - ADDED ENTRY ELEMENTS (KOHA)
Koha item type Books
Holdings
Withdrawn status Lost status Damaged status Not for loan Home library Current library Date acquired Full call number Accession Number Koha item type
        RRII Library RRII Library 16/12/2021 338.22(540) WAD 08338 Books